000
00302nam a2200121Ia 4500
008
191201s2015 xx 000 0 und d
100
_a
SAXENA, Subhash C
245
0
_a
Tunnel Engineering
260
_a
N. Delhi
_b
Dhanpat Rai Pub (P) Ltd
_c
2015
300
_a
210
650
_a
B.Tech(CE)
942
_2
ddc
_c
BK
999
_c
6171
_d
6171